Polmaratón bežali i profesionálni hasiči

Bibliographic Details
Format: Article
Language:Slovak
PhysicalDescription:Fotogr.
ISSN:1210-2423
Subjects:

MARC

LEADER 00000nab a2200000 ar4500
001 vtls010556573
003 SK-MaSNL
005 20260305031258.0
008 131106c2013 xo wr|p|||||||000 b|slo
038 |a PPPK 
040 |a PPPKCL  |b slo  |c PPPKCL  |e AACR2 
041 0 |a slo 
044 |a xo  |c SK 
080 |a 796.422.093  |2 2001 
080 |a 796.422.16  |2 2001 
245 0 0 |a Polmaratón bežali i profesionálni hasiči  |c [text a foto] (bá) 
300 |b Fotogr. 
611 2 7 |a Stop.Shop. Liptovský Mikuláš polmaratón  |d (2013 :  |c Liptovský Mikuláš, Slovensko)  |2 pppkcl  |9 1609049 
648 7 |a 12.10.2013  |2 pppkcl  |9 1095315 
650 0 7 |a beh  |2 pppkcl  |9 3281 
650 0 7 |a bežecké preteky  |2 pppkcl  |9 31134 
650 0 7 |a maratón  |2 pppkcl  |9 22999 
651 7 |a Poprad (Slovensko : okres)  |2 pppkcl  |9 28675 
651 7 |a Kežmarok (Slovensko : okres)  |2 pppkcl  |9 51824 
651 7 |a Liptovský Mikuláš (Slovensko)  |2 pppkcl  |9 36847 
773 0 |t Podtatranské noviny  |g Roč. LIV, č. 43 (2013), s. 8  |x 1210-2423 
852 |a PPPK  |b KIS3GCP 
999 |c 3315539  |d 3317469